Etude de l'effet de l'incorporation de la mélasse dans l'alimentation sur des performances zootechniques du lapin à l'engraissement (Record no. 47879)

MARC details
000 -LEADER
fixed length control field 00642nam a22001937a 4500
003 - CONTROL NUMBER IDENTIFIER
control field 0
005 - DATE AND TIME OF LATEST TRANSACTION
control field 20160609165901.0
008 - FIXED-LENGTH DATA ELEMENTS--GENERAL INFORMATION
fixed length control field 101005t xxu||||| |||| 00| 0 eng d
040 ## - SOURCE DU CATALOGAGE
Original cataloging agency BUAC
Transcribing agency BEPAC
100 ## - VEDETTE PRINCIPALE - NOM DE PERSONNE
Personal name Tossou , Myrlène Carine B.
9 (RLIN) 9534
130 ## - VEDETTE PRINCIPALE - TITRE UNIFORME
Language of a work fr
9 (RLIN) 9535
245 ## - TITLE STATEMENT
Title Etude de l'effet de l'incorporation de la mélasse dans l'alimentation sur des performances zootechniques du lapin à l'engraissement
260 ## - PUBLICATION, DISTRIBUTION, ETC. (IMPRINT)
Place of publication, distribution, etc R15711
Name of publisher, distributor, etc R15711
Date of publication, distribution, etc 2006-2007
300 ## - PHYSICAL DESCRIPTION
Extent XII-59p.
650 ## - SUBJECT ADDED ENTRY--TOPICAL TERM
Topical term or geographic name as entry element MELASSE
Topical term following geographic name as entry element ALIMENTATION
9 (RLIN) 9536
650 ## - SUBJECT ADDED ENTRY--TOPICAL TERM
Topical term or geographic name as entry element PERFORMANCE ZOOTECHNIQUE
Topical term following geographic name as entry element ENGRAISSEMENT
9 (RLIN) 9537
700 ## - ADDED ENTRY--PERSONAL NAME
Personal name Kpodekon , Marc T.
9 (RLIN) 9538
942 ## - ADDED ENTRY ELEMENTS (KOHA)
Koha item type Thèse et Memoire
Holdings
Withdrawn status Lost status Damaged status Not for loan Location (home branch) Sublocation or collection (holding branch) Date acquired Source of acquisition Koha issues (times borrowed) Koha full call number Piece designation (barcode) Koha date last seen Uniform Resource Identifier Price effective from Koha item type Copy number
        Bibliothèque Ecole Polytechnique d'Abomey-Calavi Bibliothèque Ecole Polytechnique d'Abomey-Calavi 05/10/2010 Dépot légal   26.PSA/TOS R15712 EPAC 05/10/2010 1 05/10/2010 Thèse et Memoire  
        Bibliothèque Ecole Polytechnique d'Abomey-Calavi Bibliothèque Ecole Polytechnique d'Abomey-Calavi 05/10/2010 Dépot légal   26.PSA/TOS R15713 EPAC 05/10/2010   05/10/2010 Thèse et Memoire 2
        Bibliothèque Ecole Polytechnique d'Abomey-Calavi Bibliothèque Ecole Polytechnique d'Abomey-Calavi 05/10/2010 Dépot légal   26.PSA/TOS R15714 EPAC 05/10/2010   05/10/2010 Thèse et Memoire 3


© 2008, Bibliothèques de l'Université d'Abomey-Calavi

04 BP 789 Cotonou, Tél. : +229 21 36 01 01, Fax : +229 21 35 06 32

Courriel : bu@bu.uac.bj